000
00211nam a2200085Ia 4500
008
120527s9999 xx 000 0 und d
100
_a
MATSURO, K.
245
_a
Protobiology: Physical basis of Biology
942
_c
BK
999
_c
25818
_d
25818